Common Themed Answers III Quiz Stats

 Plays Quiz Updated Mar 9, 2018

Challenge
Share
Tweet
Embed
Score 0/30 Timer 07:00
0 Plays Today
Clue Answer % Correct
Something to say when your picture is takenCheese
98.9%
Deaf communicationSign language
86.9%
Julia Roberts played a 'pretty' oneWoman
83.4%
Sharpshooter usually shooting from a hidden placeSniper
77.6%
Jerry Rice's sportFootball
77.5%
Partner of the BeastBeauty
75.7%
Film with a killer shower scenePsycho
74.5%
First aid symbolRed cross
71.5%
Urban artworkGraffiti
67.9%
Conflict between factions in the same countryCivil War
67.9%
Two under parEagle
66.5%
Al Capone or Lucky LucianoGangster
64.7%
Colosseum combatantsGladiators
61.4%
DimwitIdiot
61.2%
Word that precedes any of the above answersAmerican
59.8%
Clue Answer % Correct
The Jolly Roger or the Union JackFlag
59.5%
Delta, El Al, Lufthansa etc.Airlines
55.2%
Opposite of alienCitizen
47.6%
Place where success is measured by degreesUniversity
45%
Rival of Us WeeklyPeople
44.7%
Little Jack Horner's treatPie
44.2%
Billy who gave a 'Rebel Yell'Idol
41.8%
Pacific island nation whose capital is ApiaSamoa
30.8%
ASAP postage optionExpress
28.5%
The 'Old man'Dad
24.8%
Rotation or rebellionRevolution
21.7%
Division of a Roman armyLegion
21.1%
Roughly three milesLeague
14.5%
Type of fiction exemplified in 'Frankenstein'Gothic
14.5%
Night vision?Dream
8.3%

You're not logged in!

Compare scores with friends on all Sporcle quizzes.
OR
Log In

You Might Also Like...

Show Comments

Extras

Top Quizzes Today


Score Distribution

Your Account Isn't Verified!

In order to create a playlist on Sporcle, you need to verify the email address you used during registration. Go to your Sporcle Settings to finish the process.

Report this User

Report this user for behavior that violates our Community Guidelines.

Details: